| 000 | 00754nam a22001697a 4500 | ||
|---|---|---|---|
| 999 |
_c7792 _d7792 |
||
| 008 | 231023b ||||| |||| 00| 0 eng d | ||
| 020 | _a9788419552549 | ||
| 040 |
_aCDMR _dCDMR |
||
| 100 | 1 |
_9766 _aVázquez Montalbán, Manuel |
|
| 245 |
_aLos papeles de Admunsen _c/ Manuel Vázquez Montalbán; edición de José Colmeiro |
||
| 260 |
_aBarcelona : _bNavona, _c2023 |
||
| 300 |
_a440 p. _c; 22 cm |
||
| 505 | _aNovel·la inèdita que Manuel Vázquez Montalbán va presentar al premi Biblioteca Breve. | ||
| 505 | _aConté una introducció de l'editor literari (p. 11-56), notes i obres citades (p. 415-440), i al final (sense numerar) un annex amb fotos del manuscrit original de la novel·la. | ||
| 700 |
_94897 _aColmeiro, José |
||
| 942 |
_2udc _cMON |
||